Poslední dny Pompejí /

Bibliographic Details
Main Author: Lytton, Edward Bulwer Lytton, Baron, 1803-1873
Format: Book
Language:Czech
Published: Praha : Melantrich, 1973.
Subjects:

MARC

Tag First Indicator Second Indicator Subfields
LEADER 00000cam a22000005a 4500
001 in00001402841
005 20151020053047.0
008 970403s1973 xr 001 1 cze d
035 |a (OCoLC)36673946 
035 |9 AHM6870AM 
040 |a JDP  |c JDP  |d UtOrBLW 
041 1 |a cze  |h eng 
049 |a TXAM 
090 |a PR4912  |b .A62 1973 
100 1 |a Lytton, Edward Bulwer Lytton,  |c Baron,  |d 1803-1873. 
240 1 0 |a Last days of Pompeii.  |l Czech 
245 1 0 |a Poslední dny Pompejí /  |c Bulwer Lytton. 
264 1 |a Praha :  |b Melantrich,  |c 1973. 
300 |a 263 pages ;  |c 21 cm. 
336 |a text  |b txt  |2 rdacontent 
337 |a unmediated  |b n  |2 rdamedia 
338 |a volume  |b nc  |2 rdacarrier 
500 |a Translation of: The last days of Pompeii. 
500 |a Includes index. 
541 0 |a Donated by Mr. and Mrs. Peter Lampa. 
651 0 |a Pompeii (Extinct city)  |x Fiction. 
999 |a MARS 
999 f f |s 2993f54f-ec9b-3702-abc2-c71622a15ea0  |i bb78607e-68e4-3f72-99a3-5031968c5a50  |t 0 
952 f f |p ric  |a Texas A&M University  |b Rellis Campus  |c Joint Library Facility  |d Remote Storage  |t 0  |e PR4912 .A62 1973  |h Library of Congress classification  |i unmediated -- volume  |m A14822018115 
998 f f |a PR4912 .A62 1973  |t 0  |l Remote Storage